<?xml version="1.0" encoding="UTF-8"?>
<collection xmlns:xsi="http://www.w3.org/2001/XMLSchema-instance" xsi:schemaLocation="http://www.loc.gov/MARC21/slim http://www.loc.gov/standards/marcxml/schema/MARC21slim.xsd" xmlns="http://www.loc.gov/MARC21/slim">
 <record>
  <leader>00000cam a22000003i 4500</leader>
  <controlfield tag="001">UP-1685594773862157896</controlfield>
  <controlfield tag="003">Buklod</controlfield>
  <controlfield tag="005">20240215115242.0</controlfield>
  <controlfield tag="006">g||| |     ||   ||</controlfield>
  <controlfield tag="007">ta</controlfield>
  <controlfield tag="008">190226s2018    nyua    rb   |||1 u|eng d</controlfield>
  <datafield tag="020" ind1=" " ind2=" ">
   <subfield code="a">971138675902 (hbk. : alk. paper)</subfield>
  </datafield>
  <datafield tag="035" ind1=" " ind2=" ">
   <subfield code="a">(iLib)UPBAG-00033089611</subfield>
  </datafield>
  <datafield tag="037" ind1=" " ind2=" ">
   <subfield code="a">BC-70824</subfield>
   <subfield code="b">Fastbooks Educational Supply, Inc.</subfield>
   <subfield code="c">Php 11,993.00</subfield>
   <subfield code="n">DLLA Faculty</subfield>
  </datafield>
  <datafield tag="040" ind1=" " ind2=" ">
   <subfield code="a">DLC</subfield>
   <subfield code="d">BAG</subfield>
   <subfield code="e">rda</subfield>
  </datafield>
  <datafield tag="041" ind1="0" ind2=" ">
   <subfield code="a">eng</subfield>
  </datafield>
  <datafield tag="090" ind1=" " ind2="0">
   <subfield code="a">PR 778 T72</subfield>
   <subfield code="b">A54 2018</subfield>
  </datafield>
  <datafield tag="245" ind1="0" ind2="0">
   <subfield code="a">Anglo-American travelers and the hotel experience in nineteenth-century literature</subfield>
   <subfield code="b">nation, hospitality, travel writing</subfield>
   <subfield code="c">edited by Monika Elbert and Susanne Schmid.</subfield>
  </datafield>
  <datafield tag="264" ind1=" " ind2="1">
   <subfield code="a">New York, NY</subfield>
   <subfield code="b">Routledge</subfield>
   <subfield code="c">2018.</subfield>
  </datafield>
  <datafield tag="300" ind1=" " ind2=" ">
   <subfield code="a">vii, 297 pages</subfield>
   <subfield code="b">illustrations</subfield>
   <subfield code="c">24 cm</subfield>
  </datafield>
  <datafield tag="336" ind1=" " ind2=" ">
   <subfield code="a">text</subfield>
   <subfield code="b">txt</subfield>
   <subfield code="2">rdacontent</subfield>
  </datafield>
  <datafield tag="337" ind1=" " ind2=" ">
   <subfield code="a">unmediated</subfield>
   <subfield code="2">rdamedia</subfield>
  </datafield>
  <datafield tag="338" ind1=" " ind2=" ">
   <subfield code="a">volume</subfield>
   <subfield code="b">nc</subfield>
   <subfield code="2">rdacarrier</subfield>
  </datafield>
  <datafield tag="490" ind1="0" ind2=" ">
   <subfield code="a">Routledge studies in nineteenth-century literature</subfield>
   <subfield code="v">24</subfield>
  </datafield>
  <datafield tag="504" ind1=" " ind2=" ">
   <subfield code="a">Includes bibliographical references and index.</subfield>
  </datafield>
  <datafield tag="505" ind1="0" ind2=" ">
   <subfield code="a">Nationalism and imperialism: the hotel as guidepost to national interests. -- The moral economy of the Irish hotel from the union to the famine / Melissa Fegan -- English inns and hotels in nineteenth-century fiction / Susanne Schmid -- American accommodation: transatlantic travel, boardinghouse settlers, and hotel culture / Tamara S. Wagner -- The mundane vs the supernatural: domesticity, danger, or mystery in hotels. Hawthorne and hotels in Great Britain / Frederick Newberry -- A tomb with a view: supernatural experiences in the late nineteenth century's Egyptian hotels / Eleanor Dobson -- Dark hostelries: gothic hotels and inns in the long nineteenth century / Laurence Davies -- From comfort to capitalist excess: the evolving hotel experience as status symbol. The Waldorf-Astoria and New York society: grand hotel as site of modernity / Annabella Fick -- Henry James and &quot;the testimony of the hotel&quot; to transatlantic encounters / Maureen E. Montgomery -- Gilded-age hotel culture and the construction of American leisure-class identity / Grace Tirapelle -- Assignations, trysts, and memorable encounters in hotels. The inns of romantic drama / Frederick Burwick -- George Eliot and George Henry Lewes: respectable adultery and anonymous celebrity / Kathleen McCormack -- Edith Wharton's American and French hotels: a permeable private/public space / Carole M. Shaffer-Koros -- Women's travels and the hotel as nexus between private and public realms. &quot;A continual recurrence of bad inns&quot;: public domesticity and women's travel in the early nineteenth century / Pam Perkins -- &quot;I was in a fidget to know where we could possibly sleep&quot;: antebellum hospitality on the margins of nation in Caroline Kirkland's A new home, who'll follow? and Eliza Farnham's Life in prairie land / Michelle Gaffner Wood -- Afterword / Kevin J. James.</subfield>
  </datafield>
  <datafield tag="650" ind1=" " ind2="0">
   <subfield code="a">Travelers' writings, British</subfield>
   <subfield code="x">History and criticism.</subfield>
  </datafield>
  <datafield tag="650" ind1=" " ind2="0">
   <subfield code="a">English prose literature</subfield>
   <subfield code="y">19th century</subfield>
   <subfield code="x">History and criticism.</subfield>
  </datafield>
  <datafield tag="650" ind1=" " ind2="0">
   <subfield code="a">Travelers' writings, American</subfield>
   <subfield code="x">History and criticism.</subfield>
  </datafield>
  <datafield tag="650" ind1=" " ind2="0">
   <subfield code="a">American prose literature</subfield>
   <subfield code="y">19th century</subfield>
   <subfield code="x">History and criticism.</subfield>
  </datafield>
  <datafield tag="650" ind1=" " ind2="0">
   <subfield code="a">Hotels in literature.</subfield>
  </datafield>
  <datafield tag="650" ind1=" " ind2="0">
   <subfield code="a">Hotels</subfield>
   <subfield code="z">Great Britain</subfield>
   <subfield code="x">History</subfield>
   <subfield code="y">19th century.</subfield>
  </datafield>
  <datafield tag="650" ind1=" " ind2="0">
   <subfield code="a">Hotels</subfield>
   <subfield code="z">United States</subfield>
   <subfield code="x">History</subfield>
   <subfield code="y">19th century.</subfield>
  </datafield>
  <datafield tag="700" ind1="1" ind2=" ">
   <subfield code="a">Elbert, Monika M.</subfield>
   <subfield code="q">(Monika Maria)</subfield>
   <subfield code="d">1956-</subfield>
   <subfield code="e">editor.</subfield>
  </datafield>
  <datafield tag="700" ind1="1" ind2=" ">
   <subfield code="a">Schmid, Susanne</subfield>
   <subfield code="d">1964-</subfield>
   <subfield code="e">editor.</subfield>
  </datafield>
  <datafield tag="905" ind1=" " ind2=" ">
   <subfield code="a">FO</subfield>
  </datafield>
  <datafield tag="852" ind1="0" ind2=" ">
   <subfield code="a">UPBAG</subfield>
   <subfield code="b">UPBAG-MAIN</subfield>
   <subfield code="h">PR 778 T72 A54 2018</subfield>
  </datafield>
  <datafield tag="942" ind1=" " ind2=" ">
   <subfield code="a">Book</subfield>
  </datafield>
 </record>
</collection>
